=LDR 00000nam 2200000 4500 =001 INLIS000000000040633 =005 20130612150208 =008 ***********************************Ind** =035 ##$$0010-061300000040633 =041 ##$$a Ind =082 ##$$a 650.1 =090 ##$$a 650.1, Pra k =100 ##$$a Pranoto, Eka Dharmana =245 ##$$a Kebanjiranorder itu super gampang, Eka Dharma Pranoto =260 ##$$a 2011 $b Yogyakarta =300 ##$$a 212 hlm, ilus, 22 cm =650 ##$$a Bisnis =850 ##$$a NBPNMAT